LEADER 00996nam 2200349 450 001 990005888850203316 005 20130923164931.0 010 $a88-7228-362-0 035 $a000588843 035 $aUSA01000588843 035 $a(ALEPH)000588885USA01 035 $a000588843 100 $a20130923d2003----km-y0itay50------ba 101 0 $aita$alat 102 $aIT 105 $a||||||||001yy 200 1 $aCommento al II libro dei Tristia di Ovidio$fIrma Ciccarelli 210 $aBari$cEdipuglia$d2003 215 $a304 p.$d24 cm 225 2 $aScrinia$v21 410 0$12001$aScrinia$v21 600 1$aOvidio Nasone,$bPublio . Tristia. L. 2. 676 $a874.01 700 1$aCICCARELLI,$bIrma$0617757 801 0$aIT$bsalbc$gISBD 912 $a990005888850203316 951 $aV.3.B. 511$b242185 L.M.$cV.3.B.$d00314968 959 $aBK 969 $aUMA 979 $aPASSARO$b90$c20130923$lUSA01$h1649 996 $aCommento al II libro dei Tristia di Ovidio$91074508 997 $aUNISA LEADER 00955nam0-2200313---450- 001 990008646160403321 005 20090227113058.0 035 $a000864616 035 $aFED01000864616 035 $a(Aleph)000864616FED01 035 $a000864616 100 $a20080414d2005----km-y0itay50------ba 101 0 $aita 102 $aIT 105 $ay-------001yy 200 1 $a<>fondi pensione$el'integrazione tra previdenza pubblica e complementare, le strategie per costruirsi un futuro sereno, fondi aperti, chiusi e Fip$fa cura di Marco Liera 210 $aMilano$cIl sole 24 ore$d2005 215 $a126 p.$d22 cm 225 1 $aCapire i mercati finanziari$v5 300 $aSuppl. a Il sole 24 ore 676 $a332.67254$v21$zita 702 1$aLiera,$bMarco 801 0$aIT$bUNINA$gRICA$2UNIMARC 901 $aBK 912 $a990008646160403321 952 $aC 737$bs.i.$fDSS 959 $aDSS 996 $aFondi pensione$9196481 997 $aUNINA